All 10k+ cities in Montana on a Map - Statistics

General Stats
  • This quiz has been taken 136 times
  • The average score is 7 of 8
Answers on the Map
Answers color-coded by a green-red scale on the quiz's map according to % correct below.
 
Answer Stats
City Population % Correct
Billings 117,116
97%
Bozeman 53,293
95%
Helena 32,091
93%
Missoula 73,489
89%
Great Falls 60,442
86%
Butte 34,494
80%
Kalispell 24,558
78%
Belgrade 10,460
43%
No matching quizzes found
Score Distribution
Percent of People with Each Score
Percentile by Number Answered
Your Score History
You have not taken this quiz